000
00307nam a2200121Ia 4500
008
151213s9999 xx 000 0 und d
245
_a
Oliver Twist
260
_a
New York
_b
W.W Norton and Company
_c
2003
300
_a
5239 p.
650
_a
English Literature
650
_a
English Literature
999
_c
3231
_d
3231